000 00671nam a22002417a 4500
003 UA-OsUOA
001 30073
007 ta
008 20041103b un ||||| |||| 00| 0 ukr d
100 _aЕльницкий Л.А.
090 _a910.4(26)
_bЕ57
942 _cBK
040 _aUA-OsUOA
_brus
_cUA-OsUOA
_dUA-OsUOA
245 _aДревнейшие океанские плавания
300 _a88 с.
955 _a0
041 _arus
080 _a910.4(26)
260 _aМосква
_bГосударственное издательство географической литературы
_c1962
044 _aRU
650 7 _2UDC
999 _c316479
_d316479